| 000 | 01282cam a2200337 i 4500 | ||
|---|---|---|---|
| 999 |
_c44646 _d44646 |
||
| 001 | 44646 | ||
| 003 | Mx-PuUPA | ||
| 005 | 20191008155901.0 | ||
| 008 | 140415s1992 sp h r 000 0 spa d | ||
| 020 | _a8471003716 | ||
| 040 |
_aMx-PuUPA _bspa _cMx-PuUPA _dMx-PuUPA _erda |
||
| 041 | 0 | _aspa | |
| 100 |
_aSalas López, Fernando de, _98972 _eautor |
||
| 245 | 1 | 0 |
_aOrdenanzas militares en España e Hispanoamérica / _cFernando de Salas López ; director coordinador, José Andrés-Gallego |
| 264 | 4 |
_aMadrid : _bEditorial MAPFRE, _c©1992 |
|
| 300 |
_a284 páginas : _bfacsímiles ; _c23 cm. |
||
| 336 |
_2rdacontent _atexto _btxt |
||
| 337 |
_2rdamedia _asin medio _bn |
||
| 338 |
_2rdacarrier _avolumen _bnc |
||
| 490 | 0 |
_aColecciones MAPFRE 1492 ; _vXIII. |
|
| 490 | 1 |
_aColección Armas y América ; _v6 |
|
| 650 | 4 |
_aFuerzas armadas _xReglamentos _xHistoria |
|
| 651 | 4 |
_aEspaña _xEjército _xReglamentos _xHistoria |
|
| 651 | 4 |
_aAmérica Latina _xHistoria militar |
|
| 700 | 1 |
_aAndrés-Gallego, José, _edirector coordinador |
|
| 800 | 1 |
_aBaquer, Miguel Alonso, _edirector _tColección Armas y América ; _v6 |
|
| 942 |
_2ddc _cLI _h910.9 _iA7271 |
||